000 00669nam a2200241 i 4500
001 C2-0117642
003 PPAK
005 20180727110658.0
008 970727s1985 ja |||| ||||| | eng d
020 _a0870116630
040 _aPPAK
_beng
_cPPAK
_erda
082 0 4 _a895.6
_223
090 0 0 _a895.6
_bKIT
_dG
100 1 _aKita, Morio,
_eauthor
245 1 4 _aThe fall of the house of nire
264 1 _aTokyo, Japan :
_bKodansha International ,
_c1985
300 _a245 pages ;
_c21 cm
336 _2rdacontent
_atext
337 _2rdamedia
_aunmediated
338 _2rdacarrier
_avolume
650 1 0 _aJapanes fiction - Translations into English
942 _ddc
_cB
999 _c31615
_d31615